| 000 | 00880nam a2200241 a 4500 | ||
|---|---|---|---|
| 003 | MX-MxUPN | ||
| 005 | 20250410114430.0 | ||
| 008 | 250410s2006 sw |||||r|||| 000 0 eng d | ||
| 020 | _a9189471393 | ||
| 040 |
_aMX-MxUPN _bspa _cMX-MxUPN |
||
| 041 | 0 | _aeng | |
| 050 | 0 | 0 |
_aP95.8 _bR44 2006 |
| 245 | 0 | 0 |
_aRegulation, awareness, empowerment : _byoung people and harmful media content in the digital age |
| 260 |
_aSweden : _bGöteborg University, _c2006. |
||
| 300 | _a286 páginas | ||
| 650 | 4 |
_aPolítica de medios masivos de comunicación _956352 |
|
| 650 | 4 |
_aMedios digitales _xPolítica gubernamental _956353 |
|
| 650 | 4 |
_aViolencia en medios masivos de comunicación _xLeyes y legislación _956354 |
|
| 650 | 4 |
_aMedios masivos de comunicación y niños _94384 |
|
| 700 | 1 |
_aCarlsson, Ulla, _d1950- _955846 _eedición |
|
| 902 | _aVíctor Ruiz/100425 | ||
| 942 |
_2lcc _cLIBRO |
||
| 999 |
_c213092 _d213092 |
||